000
00185nam a2200085Ia 4500
008
250605s9999 xx 000 0 und d
041
_a
eng
100
_a
Manisha Arora
245
_a
Tradeshala
999
_c
45697
_d
45697